Hình phạt bổ sung trong tiến trình phát triển của Luật hình sự Việt Nam /
Đã lưu trong:
| Tác giả chính: | |
|---|---|
| Định dạng: | Bài viết |
| Ngôn ngữ: | Vietnamese |
| Những chủ đề: | |
| Các nhãn: |
Thêm thẻ
Không có thẻ, Là người đầu tiên thẻ bản ghi này!
|
| Thư viện lưu trữ: | Thư viện Trường Đại học Đà Lạt |
|---|
| LEADER | 00849nam a2200265 4500 | ||
|---|---|---|---|
| 001 | DLU120144943 | ||
| 005 | ##20121220 | ||
| 040 | # | # | |a DLU |b vie |
| 041 | # | # | |a vie |
| 044 | # | # | |a vn |
| 100 | # | # | |a Trịnh Quốc Toản, |c ThS. |
| 245 | # | # | |a Hình phạt bổ sung trong tiến trình phát triển của Luật hình sự Việt Nam / |c Trịnh Quốc Toản. |
| 653 | # | # | |a Hình phạt bổ sung |
| 653 | # | # | |a Luật hình sự Việt Nam |
| 653 | # | # | |a Trách nhiệm hình sự |
| 773 | # | # | |t Tạp chí Khoa học Kinh tế - Luật |g Số 1(21), 2005, tr. 9-15 |
| 920 | # | # | |a Phòng Tạp chí -- Trung tâm Thông tin - Thư viện Trường Đại học Đà Lạt |
| 994 | # | # | |a DLU |
| 900 | # | # | |a True |
| 911 | # | # | |a Nguyễn Thị Linh Chi |
| 925 | # | # | |a G |
| 926 | # | # | |a A |
| 927 | # | # | |a BB |
| 980 | # | # | |a Thư viện Trường Đại học Đà Lạt |